[Event "16th EUR-ch"]
[Site "Jerusalem ISR"]
[Date "2015.03.05"]
[Round "9"]
[White "Veinberg, Nimrod"]
[Black "Bochkarev, Yuriy"]
[Result "1-0"]
[WhiteElo "2350"]
[BlackElo "2076"]
[EventDate "2015.02.24"]
[PlyCount "97"]

1.d4 d6 2.Nf3 g6 3.c4 Bg7 4.Nc3 Nd7 5.e4 e5 6.d5 Ne7 7.Rb1 O-O 8.g4 a5 9.
a3 a4 10.h4 Nc5 11.Bh3 f5 12.gxf5 gxf5 13.Be3 fxe4 14.Ng5 h6 15.Bxc5 hxg5 
16.Bxc8 Qxc8 17.Be3 Nf5 18.Bxg5 e3 19.Bxe3 Nxe3 20.fxe3 Qf5 21.Qe2 Bh6 22.
Kd2 Qf2 23.Rbg1+ Kh8 24.Nd1 Qxe2+ 25.Kxe2 Kh7 26.Nc3 c6 27.Ne4 cxd5 28.
cxd5 Ra5 29.Nxd6 Rxd5 30.Rd1 Rc5 31.Rc1 Rc6 32.Rhd1 Rg8 33.Kf3 Rf8+ 34.Ke4
Rf2 35.Rxc6 bxc6 36.Nf5 Bf8 37.Rd8 Bc5 38.Rd7+ Kh8 39.Rb7 Re2 40.h5 Kg8 
41.h6 Kh8 42.Kxe5 Bxe3 43.Nxe3 Rxe3+ 44.Kd6 Rh3 45.Kxc6 Rh5 46.Rb4 Rxh6+ 
47.Kb5 Kg8 48.Kxa4 Kf8 49.Re4 1-0

[Event "16th EUR-ch"]
[Site "Jerusalem ISR"]
[Date "2015.03.05"]
[Round "9"]
[White "Zalkind, Konstantin"]
[Black "Mordechai, Hanan"]
[Result "1-0"]
[WhiteElo "2222"]
[BlackElo "2331"]
[EventDate "2015.02.24"]
[PlyCount "131"]

1.d4 Nf6 2.c4 g6 3.Nc3 Bg7 4.Nf3 O-O 5.Bg5 d6 6.e3 Nbd7 7.Be2 e5 8.O-O c6 
9.Qc2 Qc7 10.Rad1 Re8 11.b4 Nf8 12.d5 h6 13.Bxf6 Bxf6 14.c5 Be7 15.dxc6 
bxc6 16.b5 dxc5 17.bxc6 Be6 18.Qa4 Red8 19.e4 Bd6 20.Nd2 Qe7 21.Bc4 Qg5 
22.Bxe6 Nxe6 23.Nf3 Qh5 24.Nd5 Kg7 25.Rb1 g5 26.Rb7 g4 27.Nd2 Nd4 28.Ne3 
Kh8 29.Qc4 Rf8 30.g3 Rac8 31.Nf5 Nxf5 32.exf5 Qxf5 33.Qd5 Rcd8 34.Nc4 Bc7 
35.Qxc5 Bb6 36.Nxb6 axb6 37.Rxb6 h5 38.c7 Rc8 39.Qd6 Kg8 40.Rb8 h4 41.gxh4
Qc2 42.Qxe5 Qxc7 43.Qxc7 Rxc7 44.Rxf8+ Kxf8 45.a4 Ra7 46.Ra1 Ra5 47.Kg2 
Kg7 48.h3 gxh3+ 49.Kxh3 Kh6 50.Kg4 f5+ 51.Kg3 Kg6 52.Kf4 Kh5 53.Ke3 Kxh4 
54.Kd4 Kh3 55.Ra3+ Kg2 56.f4 Kf2 57.Kc4 Ke2 58.Kb4 Rd5 59.a5 Rd4+ 60.Kc5 
Rxf4 61.a6 Re4 62.a7 Re8 63.a8=Q Rxa8 64.Rxa8 f4 65.Kd4 f3 66.Ra2+ 1-0

[Event "16th EUR-ch"]
[Site "Jerusalem ISR"]
[Date "2015.03.05"]
[Round "9"]
[White "Chuvnik, Mordechai"]
[Black "Erenberg, Ariel"]
[Result "1-0"]
[WhiteElo "2189"]
[BlackElo "2278"]
[EventDate "2015.02.24"]
[PlyCount "109"]

1.d4 d5 2.c4 c6 3.e3 Nf6 4.Nc3 e6 5.Nf3 Be7 6.Bd3 O-O 7.O-O dxc4 8.Bxc4 b5
9.Bd3 Bb7 10.a3 a6 11.e4 c5 12.dxc5 Bxc5 13.e5 Bxf3 14.Qxf3 Nd5 15.Nxd5 
exd5 16.b4 Be7 17.Bb2 Nc6 18.Rad1 g6 19.Bb1 Qb6 20.Rxd5 a5 21.bxa5 Rxa5 
22.Rc1 Ra7 23.Rd6 Bxd6 24.exd6 Nd4 25.Qf6 Ra4 26.Rd1 Re8 27.Ba2 Qa7 28.h3 
Re4 29.Bxd4 Raxd4 30.Rxd4 Rxd4 31.Bxf7+ Qxf7 32.Qxd4 Qd7 33.Qf6 Qe8 34.f4 
Qe1+ 35.Kh2 Qe8 36.Qe5 Qf7 37.Kg3 Qd7 38.Qd5+ Kf8 39.Kf3 h5 40.Qc5 Kf7 41.
Qc7 Ke6 42.Qxd7+ Kxd7 43.f5 gxf5 44.Kf4 Kxd6 45.Kxf5 Kd5 46.g4 hxg4 47.
hxg4 Kc4 48.g5 Kb3 49.g6 Kxa3 50.g7 b4 51.g8=Q b3 52.Qa8+ Kb2 53.Ke4 Kc1 
54.Kd3 b2 55.Qh1# 1-0

[Event "16th EUR-ch"]
[Site "Jerusalem ISR"]
[Date "2015.03.05"]
[Round "9"]
[White "Bakalchuk, Johnatan"]
[Black "Nareznoy, David"]
[Result "1-0"]
[WhiteElo "2272"]
[BlackElo "2069"]
[EventDate "2015.02.24"]
[PlyCount "47"]

1.e4 e6 2.b3 d5 3.Bb2 dxe4 4.Nc3 Nf6 5.Qe2 Be7 6.Nxe4 O-O 7.O-O-O a5 8.a3 
Nbd7 9.Nf3 c5 10.a4 Qc7 11.Nc3 Rd8 12.g4 Nxg4 13.Rg1 Qf4 14.Bh3 Ngf6 15.
Bxe6 Nb6 16.Bxf7+ Kxf7 17.Rxg7+ Kxg7 18.Qxe7+ Kh6 19.Qxd8 Bg4 20.Qxb6 Bxf3
21.Re1 Rg8 22.Qxc5 Rd8 23.Kb1 Ne4 24.Nxe4 1-0

[Event "16th EUR-ch"]
[Site "Jerusalem ISR"]
[Date "2015.03.05"]
[Round "9"]
[White "Gal, Moshe"]
[Black "Fischer, Sebastian"]
[Result "1/2-1/2"]
[WhiteElo "2154"]
[BlackElo "2256"]
[EventDate "2015.02.24"]
[PlyCount "79"]

1.d4 f5 2.Nf3 Nf6 3.Bf4 e6 4.h3 d5 5.e3 Bd6 6.Ne5 O-O 7.Bd3 c5 8.c3 Nc6 9.
Nd2 Qc7 10.Ndf3 Nd7 11.Nxd7 Bxd7 12.Bxd6 Qxd6 13.Bb5 Nb8 14.Bd3 Be8 15.Ne5
Nc6 16.f4 Nxe5 17.fxe5 Qb6 18.Rb1 Bb5 19.O-O Bxd3 20.Qxd3 Rac8 21.Rf2 Qc6 
22.Rbf1 b5 23.g4 fxg4 24.Rxf8+ Rxf8 25.Rxf8+ Kxf8 26.Qxh7 cxd4 27.Qh8+ Kf7
28.exd4 gxh3 29.Kh2 b4 30.Qh5+ Kf8 31.Qh8+ Kf7 32.Qh5+ Kg8 33.Qxh3 bxc3 
34.bxc3 Qa6 35.Kg1 Qb6 36.Qd3 Kf7 37.Qh7 Qb2 38.Qh5+ Kf8 39.Qh8+ Kf7 40.
Qh5+ 1/2-1/2

[Event "16th EUR-ch"]
[Site "Jerusalem ISR"]
[Date "2015.03.05"]
[Round "9"]
[White "Zisman, Philip"]
[Black "Zak, Arad"]
[Result "1/2-1/2"]
[WhiteElo "2238"]
[BlackElo "2061"]
[EventDate "2015.02.24"]
[PlyCount "91"]

1.d4 Nf6 2.c4 g6 3.Nc3 Bg7 4.e4 d6 5.Nf3 O-O 6.h3 e5 7.d5 Nbd7 8.g4 Nc5 9.
Qc2 a5 10.Be3 b6 11.Be2 Bd7 12.Rg1 a4 13.Nd2 Ne8 14.Rb1 Kh8 15.b4 axb3 16.
axb3 Ra3 17.b4 Nb7 18.Nb3 Qe7 19.Qb2 Ra8 20.Ra1 Nf6 21.Kd2 Ng8 22.Rxa8 
Rxa8 23.Ra1 Rb8 24.Qa3 Rf8 25.c5 bxc5 26.bxc5 dxc5 27.Nxc5 Nd6 28.Qa7 Bc8 
29.Na6 Bxa6 30.Rxa6 f5 31.Rc6 Rf7 32.gxf5 Nf6 33.Qb8+ Rf8 34.Qxc7 Ndxe4+ 
35.Kd3 Qxc7 36.Rxc7 Nxc3 37.Rxc3 Nxd5 38.Rc5 Nxe3 39.Kxe3 gxf5 40.f4 e4 
41.Ba6 Rf6 42.Bc8 Bf8 43.Rd5 Rc6 44.Bxf5 Rc5 45.Bxe4 Rxd5 46.Bxd5 1/2-1/2

[Event "16th EUR-ch"]
[Site "Jerusalem ISR"]
[Date "2015.03.05"]
[Round "9"]
[White "Gershkowich, David"]
[Black "Hochman, Elnatan"]
[Result "1-0"]
[WhiteElo "2227"]
[BlackElo "1976"]
[EventDate "2015.02.24"]
[PlyCount "55"]

1.e4 c5 2.Nf3 Nc6 3.Bb5 g6 4.c3 Bg7 5.O-O e6 6.d4 cxd4 7.cxd4 Qb6 8.Nc3 
Nxd4 9.Be3 Nxf3+ 10.gxf3 Qa5 11.Qd6 Qd8 12.Rfe1 Ne7 13.Bc5 Nc6 14.Qg3 Be5 
15.f4 Bc7 16.e5 f5 17.exf6 d6 18.Rad1 O-O 19.Ne4 d5 20.Qh4 Rf7 21.Bxc6 
bxc6 22.Be7 Qe8 23.Nc5 Rxe7 24.fxe7 Qf7 25.Ne4 Ba6 26.Ng5 Qxe7 27.Rxe6 Qd7
28.Rde1 1-0

[Event "16th EUR-ch"]
[Site "Jerusalem ISR"]
[Date "2015.03.05"]
[Round "9"]
[White "Lahav, Michal"]
[Black "Katzir, Moshe"]
[Result "1/2-1/2"]
[WhiteElo "1886"]
[BlackElo "2196"]
[EventDate "2015.02.24"]
[PlyCount "186"]

1.e4 c5 2.Nf3 e6 3.c3 Qa5 4.Bd3 d6 5.O-O Nc6 6.Re1 g6 7.Bc2 Bg7 8.d3 e5 9.
Bb3 h6 10.Nbd2 Nge7 11.Nc4 Qd8 12.Ne3 O-O 13.a3 Kh7 14.h4 f5 15.exf5 Nxf5 
16.h5 g5 17.Bd5 Kh8 18.Be4 Nxe3 19.Bxe3 Bg4 20.Qb3 Na5 21.Qa4 Bxh5 22.b4 
Nc6 23.Bxc6 bxc6 24.Nd2 cxb4 25.axb4 Qd7 26.Ne4 d5 27.Nc5 Qf7 28.d4 exd4 
29.cxd4 Rfc8 30.Rec1 Bg6 31.Nb3 Qe6 32.Qa6 Rab8 33.Nc5 Qe8 34.Re1 Qf7 35.
Rec1 Rc7 36.Qa5 Rb5 37.Qa4 Qf6 38.Na6 Rcb7 39.Qd1 Qd6 40.Nc5 Rf7 41.Ra5 
Re7 42.Rca1 Qb8 43.Na6 Qe8 44.Qf3 Bc2 45.R5a2 Be4 46.Qg3 Rbb7 47.Ra4 Bc2 
48.R4a2 Bf5 49.Ra4 Rf7 50.Nc5 Rbe7 51.Ra6 Kh7 52.R6a3 Bf6 53.Ra6 Bg7 54.
R6a3 Bc8 55.Rd1 Bf6 56.Rda1 Bf5 57.Ra6 h5 58.b5 h4 59.Qf3 Bg6 60.Qh3 g4 
61.Qxg4 Rxe3 62.fxe3 Qxe3+ 63.Kh1 Qxd4 64.Qxd4 Bxd4 65.Rc1 Be3 66.Rc3 Rf1+
67.Kh2 Bd4 68.Na4 Be5+ 69.Kh3 Bxc3 70.Nxc3 d4 71.Rxa7+ Kh6 72.Ne2 d3 73.
Nc3 cxb5 74.Nxb5 Kg5 75.Kh2 d2 76.Nc3 d1=Q 77.Nxd1 Rxd1 78.Ra5+ Bf5 79.Ra4
Rd2 80.Kg1 Re2 81.Rb4 Be4 82.Kf1 Re3 83.Kf2 Kf4 84.Rb2 Rg3 85.Kf1 Ra3 86.
Kf2 Ra1 87.Rd2 Rh1 88.Rd8 Rh2 89.Rf8+ Ke5 90.Re8+ Kd4 91.Rxe4+ Kxe4 92.Kg1
Rxg2+ 93.Kxg2 Kf4 1/2-1/2

[Event "16th EUR-ch"]
[Site "Jerusalem ISR"]
[Date "2015.03.05"]
[Round "9"]
[White "Kogan, Artur"]
[Black "Drori, Dan"]
[Result "1-0"]
[WhiteElo "2555"]
[BlackElo "2104"]
[EventDate "2015.02.24"]
[PlyCount "63"]

1.e4 c5 2.Nc3 Nc6 3.Bb5 g6 4.Bxc6 dxc6 5.d3 Bg7 6.Be3 b6 7.Qd2 Qc7 8.Nge2 
Nf6 9.Bh6 Bxh6 10.Qxh6 Be6 11.h3 O-O-O 12.f4 Kb7 13.O-O Rdg8 14.Rf2 Nd7 
15.d4 f5 16.d5 Bf7 17.Rd1 Nf6 18.dxc6+ Qxc6 19.e5 Nd5 20.Nxd5 Bxd5 21.Nc3 
Be6 22.h4 c4 23.Rfd2 Qc5+ 24.Kh2 Ka6 25.a3 Bf7 26.Na2 c3 27.Nb4+ Kb5 28.
bxc3 Ka4 29.Rd4 Qc8 30.Qg5 Re8 31.Nc6+ Kxa3 32.c4 1-0

[Event "16th EUR-ch"]
[Site "Jerusalem ISR"]
[Date "2015.03.05"]
[Round "9"]
[White "Sipila, Vilka"]
[Black "Kerner, Michael"]
[Result "1-0"]
[WhiteElo "2425"]
[BlackElo "2063"]
[EventDate "2015.02.24"]
[PlyCount "81"]

1.a3 d5 2.d4 g6 3.c4 c6 4.Nf3 Bg7 5.e3 Nf6 6.Nc3 O-O 7.Be2 Ne4 8.O-O f5 9.
Qc2 e6 10.b4 Nd7 11.Bb2 g5 12.b5 g4 13.Ne1 Qg5 14.bxc6 bxc6 15.cxd5 exd5 
16.Nd3 Rf6 17.Nf4 Rh6 18.f3 Bxd4 19.exd4 Nxc3 20.Bc1 Qh4 21.Qxc3 Qxh2+ 22.
Kf2 Nf6 23.Be3 Bd7 24.Ke1 Re8 25.Kd2 Qg3 26.Rab1 Rh2 27.Rb7 Re4 28.Rxd7 
Rxf4 29.Rd8+ Kf7 30.Qxc6 gxf3 31.Qc7+ Kg6 32.Qxf4 Ne4+ 33.Kd3 Qxf4 34.Bxf4
fxe2 35.Rc1 Rh4 36.Be5 f4 37.Kxe2 Rh2 38.Rc6+ Kh5 39.Bxf4 Rxg2+ 40.Kf3 
Rf2+ 41.Ke3 1-0

[Event "16th EUR-ch"]
[Site "Jerusalem ISR"]
[Date "2015.03.05"]
[Round "9"]
[White "Kalka, Arkadius Georg"]
[Black "Parkhov, Yair"]
[Result "1/2-1/2"]
[WhiteElo "2389"]
[BlackElo "1997"]
[EventDate "2015.02.24"]
[PlyCount "76"]

1.e4 e6 2.d4 d5 3.Nd2 c5 4.exd5 Qxd5 5.Ngf3 cxd4 6.Bc4 Qd6 7.O-O Nf6 8.Nb3
Nc6 9.Nbxd4 Nxd4 10.Nxd4 a6 11.Bb3 Bd7 12.c3 Qc7 13.Qf3 Bd6 14.h3 O-O-O 
15.Bg5 Qc5 16.Be3 Qe5 17.g3 Qe4 18.Qxe4 Nxe4 19.Bc2 Nf6 20.c4 Kb8 21.Rfd1 
Bc7 22.b4 e5 23.Nf5 Ne8 24.a4 g6 25.Nh6 Be6 26.c5 Nf6 27.b5 Rxd1+ 28.Rxd1 
Nd5 29.Bd2 Rc8 30.Be4 f5 31.Bxd5 Bxd5 32.b6 Bd8 33.Bc3 Bf3 34.Bxe5+ Ka8 
35.Rd3 Be4 36.Rd6 Be7 37.Rd7 Bxc5 38.g4 Bxb6 1/2-1/2

[Event "16th EUR-ch"]
[Site "Jerusalem ISR"]
[Date "2015.03.05"]
[Round "9"]
[White "Zlotogorski, Itay"]
[Black "Belytsky, Alexandr"]
[Result "0-1"]
[WhiteElo "2033"]
[BlackElo "2227"]
[EventDate "2015.02.24"]
[PlyCount "88"]

1.e4 e6 2.d4 d5 3.exd5 exd5 4.Bd3 Nf6 5.Ne2 Bd6 6.Bg5 O-O 7.Qd2 Nbd7 8.
Nbc3 c6 9.h3 b5 10.O-O a5 11.Ng3 g6 12.Nce2 Qc7 13.Qe3 b4 14.Qf3 Ne8 15.h4
f5 16.h5 f4 17.Nh1 Ndf6 18.Bxf4 Nxh5 19.Bxd6 Nxd6 20.Qe3 Bg4 21.Nhg3 Rae8 
22.Qd2 Bxe2 23.Nxe2 Ne4 24.Bxe4 Rxe4 25.f3 Rh4 26.Qe3 Qh2+ 27.Kf2 Re4 28.
Rh1 Qxg2+ 29.Kxg2 Rxe3 30.Ng1 Rfe8 31.Kf2 Ng7 32.Rd1 Nf5 33.Rh2 Kg7 34.Rd2
Re1 35.c3 Ra1 36.cxb4 axb4 37.a3 bxa3 38.bxa3 Rxa3 39.Rb2 h5 40.Ne2 Ree3 
41.f4 Red3 42.Rb4 Ra2 43.Rh1 Rdd2 44.Re1 Nxd4 0-1

[Event "16th EUR-ch"]
[Site "Jerusalem ISR"]
[Date "2015.03.05"]
[Round "9"]
[White "Marusenko, Petr"]
[Black "Adar, Idan"]
[Result "1-0"]
[WhiteElo "2205"]
[BlackElo "1912"]
[EventDate "2015.02.24"]
[PlyCount "77"]

1.d4 Nf6 2.c4 c5 3.d5 e6 4.Nc3 exd5 5.cxd5 d6 6.Nf3 g6 7.Bg5 h6 8.Bh4 g5 
9.Bg3 Nh5 10.Nd2 Nxg3 11.hxg3 Bg7 12.Qa4+ Nd7 13.Nc4 O-O 14.Qc2 Nb6 15.Nd2
f5 16.e3 Qf6 17.Be2 Bd7 18.a4 a6 19.Qb3 Nc8 20.Qxb7 Ra7 21.Qb3 Be8 22.O-O 
h5 23.e4 f4 24.g4 Bd7 25.Qd1 Qd4 26.gxh5 g4 27.h6 Bxh6 28.Bxg4 f3 29.Bxd7 
Bxd2 30.Be6+ Kh8 31.gxf3 Rg7+ 32.Bg4 Rf6 33.Kg2 Kg8 34.Ne2 Qd3 35.Ra3 
Rxg4+ 36.fxg4 Qxe4+ 37.f3 Qxd5 38.Nc3 Qd4 39.Ne4 1-0

[Event "16th EUR-ch"]
[Site "Jerusalem ISR"]
[Date "2015.03.05"]
[Round "9"]
[White "Bronstein, Or"]
[Black "Hasidovsky, Michael"]
[Result "1/2-1/2"]
[WhiteElo "1944"]
[BlackElo "2187"]
[EventDate "2015.02.24"]
[PlyCount "96"]

1.e4 c5 2.Nf3 e6 3.d4 cxd4 4.Nxd4 Nf6 5.Bd3 a6 6.O-O d6 7.Be3 Be7 8.Kh1 
O-O 9.a4 b6 10.Nc3 Bb7 11.f4 Nbd7 12.Qe2 Re8 13.Rae1 Qc7 14.Bd2 Nc5 15.e5 
Nxd3 16.cxd3 Nd5 17.f5 dxe5 18.fxe6 f6 19.Nf5 Bf8 20.Qg4 g6 21.d4 Kh8 22.
Ne3 Nxe3 23.Bxe3 f5 24.Qh4 Rxe6 25.dxe5 Bg7 26.Bd4 Rae8 27.Ne2 Qd8 28.Qxd8
Rxd8 29.Nf4 Rc6 30.Bc3 Kg8 31.Rd1 Re8 32.Rfe1 Rc4 33.Rd4 Rxd4 34.Bxd4 Bh6 
35.Ne2 b5 36.axb5 axb5 37.Nc3 Bc6 38.Kg1 Kf7 39.Kf2 Ke6 40.Ra1 Rd8 41.Ra6 
Rxd4 42.Rxc6+ Kxe5 43.Rc5+ Ke6 44.Rxb5 Rd2+ 45.Ne2 Bf8 46.Ke3 Bh6+ 47.Kf2 
Bf8 48.Ke3 Bh6+ 1/2-1/2

[Event "16th EUR-ch"]
[Site "Jerusalem ISR"]
[Date "2015.03.05"]
[Round "9"]
[White "Slonimskij, Arkadij"]
[Black "Cohen Revivo, Alon"]
[Result "1-0"]
[WhiteElo "2176"]
[BlackElo "2022"]
[EventDate "2015.02.24"]
[PlyCount "95"]

1.d4 e6 2.Nf3 d5 3.c4 Nf6 4.cxd5 exd5 5.Bg5 Be7 6.Nc3 Nbd7 7.e3 c6 8.Bd3 
O-O 9.O-O Re8 10.Qc2 Nf8 11.Rae1 g6 12.Ne5 Ne6 13.Bh4 Ng7 14.f3 Bf5 15.Bf2
Bxd3 16.Nxd3 Ne6 17.b4 Rc8 18.Nc5 b6 19.Nxe6 fxe6 20.Qb3 c5 21.bxc5 bxc5 
22.dxc5 Bxc5 23.Na4 Qa5 24.Nxc5 Rxc5 25.e4 Rb5 26.Qc2 dxe4 27.fxe4 Ng4 28.
Qc6 Rbb8 29.Rb1 Rbc8 30.Qd7 Qe5 31.Bg3 Qc5+ 32.Kh1 Re7 33.Qd2 Ne3 34.Rfc1 
Nc4 35.Qe2 e5 36.Bf2 Qc6 37.Rb4 Qa6 38.Rbxc4 Rec7 39.Rxc7 Qxe2 40.Rxc8+ 
Kg7 41.R8c2 Qxe4 42.Bxa7 Qf4 43.Bb8 Qe3 44.a4 e4 45.a5 Qa3 46.Be5+ Kf7 47.
Ra1 Qd3 48.a6 1-0

[Event "16th EUR-ch"]
[Site "Jerusalem ISR"]
[Date "2015.03.05"]
[Round "9"]
[White "Tifferet, Shaked"]
[Black "Drori, Saar"]
[Result "0-1"]
[WhiteElo "2001"]
[BlackElo "2173"]
[EventDate "2015.02.24"]
[PlyCount "96"]

1.Nf3 c5 2.b3 Nf6 3.Bb2 e6 4.e3 b6 5.Be2 Bb7 6.O-O Be7 7.d4 O-O 8.c4 d5 9.
Nc3 Nc6 10.Rc1 Rc8 11.dxc5 bxc5 12.cxd5 exd5 13.Na4 Ne4 14.Nd2 Qa5 15.Nxe4
dxe4 16.Qd7 Ba8 17.Qg4 f6 18.Qxe4 Ne5 19.Qf5 Qc7 20.Rfd1 Qc6 21.Qh3 Rcd8 
22.f4 Nf7 23.Bf3 Rxd1+ 24.Rxd1 Qa6 25.Nc3 Bxf3 26.Qxf3 Qe6 27.Nd5 Bd6 28.
e4 Kh8 29.f5 Qc8 30.Nxf6 Be5 31.Nd7 Bxb2 32.Nxf8 Qxf8 33.Rd5 h6 34.f6 gxf6
35.Qf5 Ne5 36.Kf1 Bd4 37.b4 Nc4 38.Qg6 Ne3+ 39.Ke2 Nxd5 40.exd5 Qe7+ 41.
Kd1 Qf8 42.h4 cxb4 43.g4 Be5 44.h5 a5 45.Qc2 Qe8 46.Qc4 Bc3 47.Kc2 Qd7 48.
Qe4 Qh7 0-1

[Event "16th EUR-ch"]
[Site "Jerusalem ISR"]
[Date "2015.03.05"]
[Round "9"]
[White "Kunin, Michael"]
[Black "Kochavi, Ori"]
[Result "1-0"]
[WhiteElo "2147"]
[BlackElo "1607"]
[EventDate "2015.02.24"]
[PlyCount "73"]

1.e4 c5 2.Nf3 e6 3.d4 cxd4 4.Nxd4 a6 5.Bd3 Nf6 6.O-O Qc7 7.Qe2 Nc6 8.Nxc6 
dxc6 9.f4 h5 10.Nd2 Bc5+ 11.Kh1 Ng4 12.Nb3 Bb6 13.g3 Qe7 14.Kg2 g6 15.h3 
Nf6 16.e5 Nd5 17.c4 Nb4 18.Be4 c5 19.a3 Nc6 20.Bxc6+ bxc6 21.Nd2 O-O 22.
Ne4 Rd8 23.Nf6+ Kg7 24.g4 hxg4 25.hxg4 Rh8 26.Bd2 a5 27.a4 Ba6 28.b3 Qb7 
29.Ne4 Rad8 30.f5 Qc7 31.Bg5 Rd4 32.fxe6 f5 33.Bf6+ Kf8 34.e7+ Qxe7 35.
Bxe7+ Kxe7 36.Nf6 Rdd8 37.Rh1 1-0

[Event "16th EUR-ch"]
[Site "Jerusalem ISR"]
[Date "2015.03.05"]
[Round "9"]
[White "Iliaguev, Nisim"]
[Black "Vaisberg, Michael"]
[Result "0-1"]
[WhiteElo "1926"]
[BlackElo "2136"]
[EventDate "2015.02.24"]
[PlyCount "57"]

1.e4 e6 2.Qe2 c5 3.g3 Nc6 4.Nf3 d6 5.Bg2 g6 6.O-O Bg7 7.c3 Nge7 8.Rd1 e5 
9.d3 O-O 10.Be3 f5 11.Qd2 Rf7 12.d4 cxd4 13.cxd4 f4 14.gxf4 exf4 15.Bxf4 
Qf8 16.Bxd6 Rxf3 17.d5 Ne5 18.Bxe5 Bxe5 19.d6 Nc6 20.d7 Bxd7 21.Bxf3 Qxf3 
22.Qxd7 Rf8 23.Rf1 Rf4 24.h3 Rh4 25.Nd2 Qf4 26.Kg2 Qh2+ 27.Kf3 Nd4+ 28.Ke3
Rxh3+ 29.f3 0-1

[Event "16th EUR-ch"]
[Site "Jerusalem ISR"]
[Date "2015.03.05"]
[Round "9"]
[White "Gabizon, Eyal"]
[Black "Kraus, Yair"]
[Result "1/2-1/2"]
[WhiteElo "1760"]
[BlackElo "2129"]
[EventDate "2015.02.24"]
[PlyCount "95"]

1.d4 Nf6 2.c4 c5 3.d5 e6 4.Nc3 exd5 5.cxd5 d6 6.e4 g6 7.f4 Bg7 8.Bb5+ Nfd7
9.a4 Qh4+ 10.g3 Qe7 11.Nf3 O-O 12.O-O Na6 13.Re1 Nb4 14.Bd2 Nf6 15.Bc4 Bg4
16.e5 dxe5 17.fxe5 Bxf3 18.Qxf3 Nd7 19.d6 Qd8 20.e6 fxe6 21.Bxe6+ Kh8 22.
Qxb7 Ne5 23.Bf4 Rb8 24.Qe4 Nbd3 25.Re2 Rb4 26.Bxe5 Nxe5 27.Qg2 Qxd6 28.Bd5
Nd3 29.Nb5 Rxb5 30.axb5 Bd4+ 31.Kh1 Nf2+ 32.Rxf2 Rxf2 33.Qe4 Qf8 34.Bc4 
Qh6 35.Qe8+ Rf8 36.Qe2 Qg7 37.Rf1 Rxf1+ 38.Qxf1 Bxb2 39.Qg2 Qd4 40.Qa8+ 
Kg7 41.Qg8+ Kh6 42.Qf8+ Kg5 43.Qe7+ Kh6 44.Qf8+ Kg5 45.Qe7+ Kf5 46.Qe6+ 
Kg5 47.Qe7+ Kh6 48.Qf8+ 1/2-1/2

[Event "16th EUR-ch"]
[Site "Jerusalem ISR"]
[Date "2015.03.05"]
[Round "9"]
[White "Cohen Revivo, Shoham"]
[Black "Henseler, Jorgen"]
[Result "0-1"]
[WhiteElo "1838"]
[BlackElo "2123"]
[EventDate "2015.02.24"]
[PlyCount "76"]

1.e4 c6 2.Nf3 d5 3.exd5 cxd5 4.Ne5 Nc6 5.Bb5 Bd7 6.Bxc6 Bxc6 7.d4 Nf6 8.
O-O e6 9.c3 Be7 10.f4 O-O 11.Nd2 Nd7 12.Ndf3 Bb5 13.Re1 a5 14.Nxd7 Bxd7 
15.Ne5 Be8 16.Qg4 Ra6 17.f5 exf5 18.Qxf5 f6 19.Nd3 Bg6 20.Qf3 Be4 21.Rxe4 
dxe4 22.Qxe4 Qd7 23.Bf4 Re6 24.Qf3 Rd8 25.Be3 Qb5 26.Bf2 Bf8 27.b3 Qc6 28.
d5 Rxd5 29.Nf4 Rf5 30.Qg4 Qe4 31.g3 Ree5 32.Re1 Qc2 33.Rxe5 fxe5 34.Nh3 b5
35.a4 Bc5 36.Qh4 Bxf2+ 37.Kh1 Qd1+ 38.Kg2 Qf3+ 0-1

[Event "16th EUR-ch"]
[Site "Jerusalem ISR"]
[Date "2015.03.05"]
[Round "9"]
[White "Berenboym, Igor"]
[Black "Yaniv, Ori"]
[Result "1-0"]
[WhiteElo "2112"]
[BlackElo "1579"]
[EventDate "2015.02.24"]
[PlyCount "149"]

1.e4 c5 2.Nf3 e6 3.Nc3 a6 4.d4 cxd4 5.Nxd4 Nc6 6.Be3 Qc7 7.Be2 Nf6 8.O-O 
Bb4 9.Nxc6 bxc6 10.Qd3 O-O 11.f4 d5 12.e5 Nd7 13.a3 Be7 14.Na4 Rb8 15.c4 
Qa5 16.Qc2 Nc5 17.Nxc5 Bxc5 18.Bxc5 Qxc5+ 19.Kh1 a5 20.Qc3 Rb6 21.Rab1 
dxc4 22.Bxc4 g6 23.f5 Ba6 24.Bxa6 Qxc3 25.bxc3 Rxa6 26.fxe6 fxe6 27.Rxf8+ 
Kxf8 28.Rb8+ Kf7 29.Rb7+ Kf8 30.Kg1 h5 31.Kf2 a4 32.Ke3 Ra5 33.Kf4 Rc5 34.
Ra7 Rxc3 35.Kg5 Rxa3 36.Kf6 Ke8 37.Kxe6 Kd8 38.h4 Rg3 39.Rxa4 Rxg2 40.Kf6 
Rf2+ 41.Ke6 Rg2 42.Ra8+ Kc7 43.Ra7+ Kd8 44.Kf6 Re2 45.Rg7 Rf2+ 46.Ke6 c5 
47.Kd6 Rd2+ 48.Kxc5 Ke8 49.Rxg6 Kf7 50.Rh6 Rd8 51.Rd6 Ra8 52.Kd5 Ra5+ 53.
Ke4 Ra4+ 54.Rd4 Ra1 55.Kf5 Rf1+ 56.Rf4 Rg1 57.Ke4+ Ke6 58.Rf6+ Ke7 59.Rh6 
Rg4+ 60.Kf5 Rxh4 61.Rh7+ Ke8 62.Ke6 Kd8 63.Rh8+ Kc7 64.Ke7 Re4 65.e6 h4 
66.Rh5 Kc6 67.Rh8 Kc7 68.Kf7 Rf4+ 69.Ke8 Kd6 70.e7 Ra4 71.Rh6+ Kc7 72.Kf7 
Rf4+ 73.Rf6 Rxf6+ 74.Kxf6 Kd7 75.Kf7 1-0

[Event "16th EUR-ch"]
[Site "Jerusalem ISR"]
[Date "2015.03.05"]
[Round "9"]
[White "Bar, Aviv"]
[Black "Westreich, Itay"]
[Result "1/2-1/2"]
[WhiteElo "2130"]
[BlackElo "1929"]
[EventDate "2015.02.24"]
[PlyCount "114"]

1.e4 e5 2.Nf3 Nc6 3.Bb5 a6 4.Ba4 Nf6 5.O-O Be7 6.d3 d6 7.c4 O-O 8.h3 Bd7 
9.Be3 h6 10.Nc3 Nh7 11.Nd5 f5 12.exf5 Bxf5 13.d4 Bg5 14.dxe5 Nxe5 15.Nxe5 
dxe5 16.Bc5 Rf7 17.Re1 e4 18.Bc2 b6 19.Bb4 c6 20.Ne3 Bg6 21.Ng4 Bf6 22.
Qxd8+ Rxd8 23.Nxf6+ Nxf6 24.Bc3 Kf8 25.Rad1 Rfd7 26.Rxd7 Rxd7 27.Kf1 Kf7 
28.Ke2 Rd6 29.Rd1 Rxd1 30.Bxd1 b5 31.b3 Bf5 32.Ke3 Be6 33.Be2 Bf5 34.a4 
bxa4 35.bxa4 c5 36.g4 Bh7 37.Bd1 Ke7 38.a5 g5 39.Bb3 Bg6 40.Be5 Bh7 41.Bd1
Bg8 42.Be2 Bh7 43.f3 exf3 44.Bxf6+ Kxf6 45.Bxf3 Bg8 46.Kd3 Bh7+ 47.Kc3 Ke5
48.Bb7 Be4 49.Bxa6 Bg2 50.Bc8 Kd6 51.Bf5 Kc7 52.Kd3 Bf1+ 53.Ke3 Bxc4 54.
Bd3 Bd5 55.Be4 Bc4 56.Bd3 Bd5 57.Be4 Bc4 1/2-1/2

[Event "16th EUR-ch"]
[Site "Jerusalem ISR"]
[Date "2015.03.05"]
[Round "9"]
[White "Globus, Or"]
[Black "Mdivani, Maka"]
[Result "1/2-1/2"]
[WhiteElo "1862"]
[BlackElo "2105"]
[EventDate "2015.02.24"]
[PlyCount "43"]

1.Nf3 e6 2.c4 f5 3.g3 Nf6 4.Bg2 d5 5.O-O Bd6 6.b3 c5 7.e3 Qe7 8.Nc3 Nc6 9.
cxd5 exd5 10.d4 O-O 11.dxc5 Bxc5 12.Bb2 Kh8 13.Ne2 Ne4 14.Ned4 Bd7 15.Rc1 
Bb6 16.Nxc6 bxc6 17.Ne5 Rac8 18.Qd3 Rfe8 19.Rc2 Nc5 20.Qe2 Ne4 21.Qd3 Red8
22.Rfc1 1/2-1/2

[Event "16th EUR-ch"]
[Site "Jerusalem ISR"]
[Date "2015.03.05"]
[Round "9"]
[White "Sassoon, Roei"]
[Black "Kneler, Boris"]
[Result "1-0"]
[WhiteElo "1896"]
[BlackElo "2025"]
[EventDate "2015.02.24"]
[PlyCount "125"]

1.e4 c5 2.Nc3 e6 3.f4 a6 4.Nf3 d5 5.d3 Nc6 6.g3 Be7 7.Bg2 d4 8.Nb1 Nf6 9.
O-O h5 10.Nbd2 Qc7 11.c3 Bd7 12.a4 Rc8 13.cxd4 Nxd4 14.Nxd4 cxd4 15.Nb3 
Qb6 16.Bd2 Qa7 17.e5 Ng4 18.Re1 g6 19.Bh3 Nh6 20.Re4 Nf5 21.Bxf5 gxf5 22.
Rxd4 h4 23.gxh4 Rxh4 24.Rc1 Rxc1 25.Qxc1 b5 26.Be3 Rg4+ 27.Kf1 Qb7 28.Bf2 
bxa4 29.h3 Rg7 30.Rxd7 Kxd7 31.Nc5+ Bxc5 32.Qxc5 Qc6 33.Qf8 Qc1+ 34.Ke2 
Qxb2+ 35.Kf3 Qb7+ 36.Ke2 Rh7 37.Qg8 Qb2+ 38.Kf1 Qc1+ 39.Kg2 Qc6+ 40.Kg3 
Rxh3+ 41.Kxh3 Qf3+ 42.Bg3 Qh1+ 43.Bh2 Qf3+ 44.Kh4 Ke7 45.Qg3 Qd1 46.Bg1 
Kd7 47.Kg5 a3 48.Qg2 Qb1 49.Bd4 Qb4 50.Be3 Qb2 51.Qa8 a2 52.Qa7+ Kc8 53.
Qxa6+ Kd7 54.Qa7+ Kc8 55.Bd4 Qg2+ 56.Kf6 Qd5 57.Qa6+ Kd7 58.Qd6+ Qxd6 59.
exd6 Kxd6 60.Kxf7 Kd5 61.Bc3 Kd6 62.Kf6 Kd5 63.Ke7 1-0

[Event "16th EUR-ch"]
[Site "Jerusalem ISR"]
[Date "2015.03.05"]
[Round "9"]
[White "Abend, Ilay"]
[Black "Poleg, Dan"]
[Result "0-1"]
[WhiteElo "1725"]
[BlackElo "1992"]
[EventDate "2015.02.24"]
[PlyCount "90"]

1.e4 e5 2.Nf3 Nc6 3.d4 exd4 4.Nxd4 Nf6 5.Nxc6 bxc6 6.e5 Qe7 7.Qe2 Nd5 8.c4
Nb6 9.g3 Qe6 10.b3 a5 11.Bg2 a4 12.Bb2 Bb4+ 13.Nd2 O-O 14.O-O d5 15.f4 Qg6
16.Nf3 dxc4 17.bxc4 Ba6 18.Rac1 Rad8 19.Kh1 Qd3 20.Qxd3 Rxd3 21.Rf2 Nxc4 
22.Ba1 Rfd8 23.h3 c5 24.Kh2 Rd1 25.Rf1 Ne3 26.Rfxd1 Rxd1 27.Rxd1 Nxd1 28.
Ng5 Bc4 29.Bf3 Ne3 30.Ne4 Bxa2 31.Bb2 Bd5 32.Bh1 a3 33.Bc1 a2 34.Bb2 Nd1 
35.Ba1 Bxe4 36.Bxe4 Bc3 37.Bd5 Bxa1 38.Bxa2 Ne3 39.Kg1 c4 40.Kf2 Bd4 41.
Ke2 c3 42.Bb3 c2 43.Kd2 Bb2 44.Bxc2 Nxc2 45.Kxc2 Bd4 0-1

[Event "16th EUR-ch"]
[Site "Jerusalem ISR"]
[Date "2015.03.05"]
[Round "9"]
[White "Toporkova, Sofia"]
[Black "Shohat, Yotam"]
[Result "1/2-1/2"]
[WhiteElo "1962"]
[BlackElo "1903"]
[EventDate "2015.02.24"]
[PlyCount "100"]

1.d4 Nf6 2.c4 c5 3.d5 b5 4.Nf3 g6 5.Qc2 Bg7 6.e4 d6 7.cxb5 O-O 8.Be2 a6 9.
O-O axb5 10.Bxb5 Ba6 11.Nc3 Bxb5 12.Nxb5 Na6 13.Bd2 Qb6 14.a4 Rfb8 15.Rab1
Rc8 16.Qc4 Qb7 17.b3 Nc7 18.Nxc7 Rxc7 19.Rfe1 Nd7 20.a5 Qa6 21.h3 Qc8 22.
Rec1 Raa7 23.Qe2 Ne5 24.Nxe5 Bxe5 25.Qc4 f5 26.Kh1 f4 27.f3 g5 28.Qe2 Qb8 
29.Kh2 h5 30.b4 cxb4 31.Rxb4 Qc8 32.Rcb1 Kf7 33.Rb8 Qd7 34.Kh1 Qa4 35.Qb5 
Qxb5 36.R8xb5 Rc2 37.Be1 Rac7 38.a6 Rc1 39.Kg1 Rxb1 40.Rxb1 Ra7 41.h4 g4 
42.g3 Rxa6 43.gxf4 Bxf4 44.fxg4 hxg4 45.Bc3 Bh6 46.e5 dxe5 47.Bxe5 Ra5 48.
Rd1 Ra2 49.d6 exd6 50.Bxd6 Rd2 1/2-1/2